[Event "Noale Szabados Memorial-B 1st"]
[Site "Noale"]
[Date "2008.02.08"]
[Round "1"]
[White "Fragni, Enrico"]
[Black "Daccico, Gianni"]
[Result "1-0"]
[WhiteElo "1731"]
[BlackElo "1422"]
[PlyCount "51"]
[EventDate "2008.02.08"]
[EventType "swiss"]
[EventRounds "5"]
[EventCountry "ITA"]
[SourceTitle "EXT 2022"]
[Source "ChessBase"]
[SourceDate "2021.10.06"]
[SourceVersion "1"]
[SourceVersionDate "2021.10.06"]
[SourceQuality "1"]

1. d4 Nf6 2. Nf3 d6 3. Nbd2 g6 4. e4 Bg7 5. Bd3 0-0 6. c3 c5 7. 0-0 Ne8 8. Re1 e5 9. dxc5 dxc5 10. Nc4 Nc6 11. Be3 b6 12. Qe2 f5 13. Bg5 Qc7 14. exf5 Bxf5 15. Rad1 Bxd3 16. Rxd3 h6 17. Bh4 g5 18. Bg3 Rf5 19. Nfxe5 Nxe5 20. Nxe5 Bxe5 21. Bxe5 Qf7 22. f3 Qxa2 23. Qe4 Rxe5 24. Qxe5 Rc8 25. Rd7 a5 26. Qxe8+ 1-0